|
|
|
|
| LEADER |
00000nab#a22000007a#4500 |
| 001 |
arbauad031907 |
| 003 |
AR-BaUAD |
| 005 |
20250711112559.0 |
| 008 |
980707|||||||||###||||||b###|0###a|spa|| |
| 040 |
|
|
|a AR-BaUAD
|c AR-BaUAD
|b spa
|
| 100 |
|
|
|a Beckman, Ulf
|
| 245 |
|
|
|a Glaset jubilerarDet nya Glasverige /
|c Ulf Beckman; Leo Gullbring;
|
| 300 |
0 |
|
|b fot.
|
| 500 |
|
|
|a Entrevista.
|
| 653 |
|
|
|a SUECIA
|
| 653 |
|
|
|a ORREFORS
|
| 653 |
|
|
|a GATE, SIMON
|
| 653 |
|
|
|a HALD, EDWARD
|
| 653 |
|
|
|a HISTORIA
|
| 653 |
|
|
|a SCHRODER, LEONHARD
|
| 653 |
|
|
|a ROYAL SCANDINAVIAS
|
| 653 |
|
|
|a VIDRIO
|
| 653 |
|
|
|a FLOREROS
|
| 653 |
|
|
|a VAJILLA
|
| 653 |
|
|
|a ADORNOS
|
| 653 |
|
|
|a DISEÑO INDUSTRIAL
|
| 700 |
1 |
|
|a Gullbring, Leo
|
| 773 |
0 |
|
|t FORM designtidskriften
|g no. 717 [1998], p. 26-35
|
| 942 |
|
|
|c ARTI
|
| 952 |
|
|
|0 0
|1 0
|4 0
|7 0
|9 76826
|a AR-BAuAD
|b AR-BAuAD
|d 2025-07-11
|l 0
|p AAQA031907
|r 2025-07-11 11:25:59
|w 2025-07-11
|y ARTI
|
| 990 |
|
|
|a DI199
|b TD
|
| 998 |
|
|
|a AAQ
|b BIBUN76
|
| 999 |
|
|
|c 56499
|d 56499
|